Responses for show #4435 - Friday, December 12, 2003

Game data retrieved from an alternate archive.

Contestants

[<< previous game]

Wes Johnson, a band manager and attorney from Columbia, South Carolina

Tim Heaney, a facility manager originally from Cranston, Rhode Island

Molly Strothmann, a graduate student from Norman, Oklahoma (whose 1-day cash winnings total $20,000)

[next game >>]

Jeopardy! Round responses

AMERICAN WOMAN
MOVIE CROSSWORD CLUES "G"
PHOBIAS
GEORGIA ON MY MIND
CEREMONIES
A LITTLE LATIN
    $200 4
Rose Kennedy

Tim
    $200 5
guys

Molly
    $200 17
falling asleep

Wes
    $200 2
Macon

Triple Stumper
    $200 1
plants a tree

Wes
    $200 23
I think therefore I am

Tim
    $400 14
Shirley Temple Black

Tim
    $400 10
Glenn

Wes
    $400 18
speaking

Wes
    $400 3
"pick a bale of cotton"

Triple Stumper
    $400 6
a citizenship ceremony

Wes
    $400 26
semper fidelis

Molly
    $600 15
(Tim: Who is Maureen?)

Margaret Truman

TimWes
    $600 11
Grumpy

Wes
    $600 19
dust

Molly
    $600 24
Cabbatch Patch Kids

Tim
    $600 7
last rites

Wes
    $600 27
non compos mentis

Triple Stumper
    $800 16
colonel

Molly
    $800 12
Ghost

Wes
    $800 20
(Wes: What is night?)
(Molly: What is dusk?)

fog

MollyWes
Triple Stumper
    $800 25
Savannah

Molly
    $800 8
Veterans Day

Tim
    $800 28
in vino veritas

Triple Stumper
    $1000 22
governor

Triple Stumper
    $1000 13
Goldfinger

Tim
    $1,800 21
horses

Molly
    $1000 29
moderation

Triple Stumper
    $1000 9
a Pope

Molly
    $1000 30
the die is cast

Molly

Scores at the first commercial break (after clue 15):

Molly Tim Wes
$1,200 $1,800 $3,600

Scores at the end of the Jeopardy! Round:

Molly Tim Wes
$5,800 $2,600 $3,400

Double Jeopardy! Round responses

EXPLORERS
BEATLES REMAKES
QUOTATIONS
FISH
RHYME
REASON
    $400 21
Lhasa

Triple Stumper
    $400 1
"Yesterday"

Tim
    $400 11
stays together

Wes
    $400 26
a bluefish

Wes
    $400 16
a flyby

Molly
    $400 3
a volcanic eruption

Molly
    $800 22
Marco Polo

Tim
    $800 2
Alvin and the Chipmunks

Molly
    $800 12
Abrahama Lincoln

Triple Stumper
    $800 27
a goldfish

Molly
    $800 17
the blue flu

Triple Stumper
    $800 4
they became extinct

Molly
    $1200 23
Dr. Livingstone

Molly
    $1200 8
"I Am the Walrus"

Tim
    $1200 13
a mathematician

Tim
    $1200 28
(Tim: What is a grudge?)

a carp

MollyTim
    $1200 18
a quick pick

Tim
    $1200 5
Catholicism

Molly
    $3,000 24
Henry Hudson

Molly
    $4,200 9
"Lucy in the Sky with Diamonds"

Tim
    $1600 14
(Tim: What is Timbuktu?)

Peru

MollyTim
    $1600 29
a mosquito fish

Wes
    $1600 19
a hot spot

Wes
    $1600 6
Trenton

Wes
    $2000 25
(Molly: Who is Parker?)

John Wesley Powell

Molly
Triple Stumper
    $2000 10
(Tim: What is "Eight Days a Week"?)

"Got to Get You Into My Life"

Tim
Triple Stumper
    $2000 15
powdermilk biscuits

Triple Stumper
    $2000 30
a striped bass

Wes
    $2000 20
might makes right

Molly
    $2000 7
(Molly: What is the bassoon?)

the oboe

Molly
Triple Stumper

Scores at the end of the Double Jeopardy! Round:

Molly Tim Wes
$15,200 $6,800 $11,000

[wagering suggestions for these scores]

Final Jeopardy! Round responses

19th CENTURY BUSINESS
TimWhat is algae?
$6,800
WesWhat is ice
$4,200
MollyWhat is cod?
$6,802
ice

Final scores:

Molly Tim Wes
$8,398 $0 $15,200
2nd place: $2,000 3rd place: $1,000 New champion: $15,200

Game dynamics:

Coryat scores:

Molly Tim Wes
$13,000 $4,200 $11,000
19 R
(including 2 DDs),
3 W
12 R
(including 1 DD),
4 W
15 R,
1 W

Combined Coryat: $28,200

The J! Archive is created by fans, for fans. The Jeopardy! game show and all elements thereof, including but not limited to copyright and trademark thereto, are the property of Jeopardy Productions, Inc. and are protected under law. This website is not affiliated with, sponsored by, or operated by Jeopardy Productions, Inc. Join the discussion at JBoard.tv.